Fragile Things : (Record no. 522854)

000 -LEADER
fixed length control field 02224cam a2200349 a 4500
001 - CONTROL NUMBER
control field 14382822
003 - CONTROL NUMBER IDENTIFIER
control field NUST
005 - DATE AND TIME OF LATEST TRANSACTION
control field 20190124141244.0
008 - FIXED-LENGTH DATA ELEMENTS--GENERAL INFORMATION
fixed length control field 060519s2006 nyu 000 1 eng
010 ## - LIBRARY OF CONGRESS CONTROL NUMBER
LC control number 2006048135
020 ## - INTERNATIONAL STANDARD BOOK NUMBER
International Standard Book Number 0060515228
020 ## - INTERNATIONAL STANDARD BOOK NUMBER
International Standard Book Number 9780060515225
035 ## - SYSTEM CONTROL NUMBER
System control number (OCoLC)ocm69241597
035 ## - SYSTEM CONTROL NUMBER
System control number (OCoLC)69241597
038 ## - RECORD CONTENT LICENSOR
Staff Name Tanveer
040 ## - CATALOGING SOURCE
Original cataloging agency DLC
Transcribing agency DLC
Modifying agency IG#
-- BAKER
-- NPL
-- UPZ
-- YDXCP
-- OCLCQ
-- IXA
-- DLC
050 00 - LIBRARY OF CONGRESS CALL NUMBER
Classification number PR6057.A319
Item number F73 2006
082 00 - DEWEY DECIMAL CLASSIFICATION NUMBER
Classification number 823.914
Edition number 22
Author Mark GAI
100 1# - MAIN ENTRY--PERSONAL NAME
Personal name Gaiman, Neil.
9 (RLIN) 8006
245 10 - TITLE STATEMENT
Title Fragile Things :
Remainder of title short fictions and wonders /
Statement of responsibility, etc. Neil Gaiman.
250 ## - EDITION STATEMENT
Edition statement 1st ed.
260 ## - PUBLICATION, DISTRIBUTION, ETC.
Place of publication, distribution, etc. New York :
Name of publisher, distributor, etc. William Morrow,
Date of publication, distribution, etc. c2006.
300 ## - PHYSICAL DESCRIPTION
Extent xxxi, 360 p. ;
Dimensions 24 cm.
505 00 - FORMATTED CONTENTS NOTE
Miscellaneous information Introduction --
Title A study in emerald --
-- The fairy reel --
-- October in the chair --
-- The hidden chamber --
-- Forbidden brides of the faceless slaves in the secret house of the night of dread desire --
-- The flints of memory lane --
-- Closing time --
-- Going wodwo --
-- Bitter grounds --
-- Other people --
-- Keepsakes and treasures --
-- Good boys deserve favors --
-- The facts in the case of the departure of Miss Finch --
-- Strange little girls --
-- Harlequin valentine --
-- Locks --
-- The problem of Susan --
-- Instructions --
-- How do you think it feels? --
-- My life --
-- Fifteen painted cards from a vampire tarot --
-- Feeders and eaters --
-- Diseasemaker's group --
-- In the end --
-- Goliath --
-- Pages from a journal found in a shoebox left in a Greyhound bus somewhere between Tulsa, Oklahoma, and Louisville, Kentucky --
-- How to talk to girls at parties --
-- The day the saucers came --
-- Sunbird --
-- Inventing Aladdin --
-- The monarch of the glen --
Miscellaneous information Credits.
655 #7 - INDEX TERM--GENRE/FORM
Genre/form data or focus term Fantasy fiction.
Source of term gsafd
9 (RLIN) 1087
655 #7 - INDEX TERM--GENRE/FORM
Genre/form data or focus term Horror fiction.
Source of term gsafd
9 (RLIN) 2950
856 42 - ELECTRONIC LOCATION AND ACCESS
Materials specified Contributor biographical information
Uniform Resource Identifier <a href="http://www.loc.gov/catdir/enhancements/fy0910/2006048135-b.html">http://www.loc.gov/catdir/enhancements/fy0910/2006048135-b.html</a>
856 42 - ELECTRONIC LOCATION AND ACCESS
Materials specified Publisher description
Uniform Resource Identifier <a href="http://www.loc.gov/catdir/enhancements/fy0910/2006048135-d.html">http://www.loc.gov/catdir/enhancements/fy0910/2006048135-d.html</a>
906 ## - LOCAL DATA ELEMENT F, LDF (RLIN)
a 7
b cbc
c orignew
d 1
e ocip
f 20
g y-gencatlg
942 ## - ADDED ENTRY ELEMENTS (KOHA)
Source of classification or shelving scheme
Koha item type Book
Holdings
Withdrawn status Lost status Source of classification or shelving scheme Damaged status Not for loan Permanent Location Current Location Date acquired Total Checkouts Total Renewals Full call number Barcode Date last seen Date last checked out Price effective from Koha item type
          Central Library (CL) Central Library (CL) 01/24/2019 2 4 823.914 GAI NIT-9393 04/09/2025 11/19/2020 01/24/2019 Book
© 2023 Central Library, National University of Sciences and Technology. All Rights Reserved.